000 01247 a2200229 4500
001 34561
005 20260407155632.0
008 260407a2010 arg spa d
003 AR-UNSa-BCEJYS
040 _aAR-UNSa-BCEJYS
_bspa
_cAR-UNSa-BCEJYS
080 _a351.71
_xBienes públicos. Obras públicas. Impuestos (Contratación pública)
245 1 0 _aRégimen de contrataciones de la administración nacional
020 _a978-950-20-2098-3
264 1 _aBuenos Aires :
_bAbeledo Perrot
_c2010
300 _axxii, 306 p.
_c24 cm.
505 _a1. Normas y realidades. Algunas cuestiones generales - 2. La licitación pública - 3. Excepciones a la licitación pública - 4. El principio de publicidad - 5. El principio de transparencia - 6. El principio de transparencia: un abordaje preventivo - 7. El principio de igualdad - 8. Las ofertas - 9. La impugnación judicial - 10. Las garantías de impugnación - 11. La revocación del contrato nulo - 12. La nulidad de un contrato y su declaración de oficio
041 _aspa
942 _cBK
590 _aniveau_biblio:m niveau_hierar:0
100 1 _aRejtman Farah, Mario
856 4 1 _uhttps://biblioeco.unsa.edu.ar/pmb/images/libros/regContatacAdminNac.jpg
_yImagen de portada
_qimage/jpeg
999 _c2463
_d2463